I. A. Boduėn de Kurtenė : (k 30-letii︠u︡ so dni︠a︡ smerti) /

Bibliographic Details
Corporate Author: Institut slavi︠a︡novedenii︠a︡ (Akademii︠a︡ nauk SSSR)
Other Authors: Bernshteĭn, S. B. (Samuil Borisovich), 1911-1997 (Editor)
Format: Book
Language:Russian
Published: Moskva : Izd-vo Akademii nauk SSSR, 1960.
Subjects:

MARC

Tag First Indicator Second Indicator Subfields
LEADER 00000cam a2200000I 4500
001 in00001643521
005 20151023120148.0
008 791219s1960 ru b 000 0 rus
010 |a  61032298  
019 |a 24534341 
035 |a (OCoLC)ocm05813696 
040 |a DLC  |c IAY  |d IAY  |d OCLCQ  |d TXA  |d UtOrBLW 
049 |a TXAM 
050 0 0 |a P85.B35  |b A5 
110 2 |a Institut slavi︠a︡novedenii︠a︡ (Akademii︠a︡ nauk SSSR) 
245 1 0 |a I. A. Boduėn de Kurtenė :  |b (k 30-letii︠u︡ so dni︠a︡ smerti) /  |c [Otvetstvennyĭ redaktor S. B. Bernshteĭn]. 
264 1 |a Moskva :  |b Izd-vo Akademii nauk SSSR,  |c 1960. 
300 |a 118 pages, 2 unnumbered pages ;  |c 22 cm. 
336 |a text  |b txt  |2 rdacontent 
337 |a unmediated  |b n  |2 rdamedia 
338 |a volume  |b nc  |2 rdacarrier 
500 |a "Spisok trudov I. A. Boduėna de Kurtenė" by L. E. Bokareva and A. A. Leontʹev: pages 82-[119]. 
504 |a Bibliography: pages 117-[119]. 
536 |a From the Library of Professor Horace G. Lunt October 2000. 
600 1 0 |a Baudouin de Courtenay, Jan Niecisław,  |d 1845-1929. 
700 1 |a Bernshteĭn, S. B.  |q (Samuil Borisovich),  |d 1911-1997,  |e editor. 
994 |a E0  |b TXA 
948 |a cataloged  |b h  |c 2002/1/31  |d c  |e tchubaryan  |f 12:17:56 pm 
999 |a MARS 
999 f f |s ad5af650-a1d9-3b9a-8db4-9b8cfd28b977  |i 7d892edb-57ca-37b0-a078-27d887c7aa3e  |t 0 
952 f f |p ric  |a Texas A&M University  |b Rellis Campus  |c Joint Library Facility  |d Remote Storage  |t 0  |e P85.B35 A5  |h Library of Congress classification  |i unmediated -- volume  |m A14828372389 
998 f f |a P85.B35 A5  |t 0  |l Remote Storage